| 000 | 00485nam a2200157Ia 4500 | ||
|---|---|---|---|
| 003 | GCL | ||
| 008 | 140319s9999 xx 000 0 ara d | ||
| 040 |
_aGCL / _cGCL |
||
| 082 | 0 | 4 |
_aق _b322.1 _bع و |
| 100 | 1 | _aعبدالعزيز رفاعى | |
| 245 | 1 | 0 |
_aالوحدة الوطنية فى مصر عبر التاريخ / _cعبدالعزيز رفاعى |
| 700 | 1 | _aحسين عبدالواحد الشاعر | |
| 700 | 1 | _aسيد مرعى (تقديم) | |
| 300 | _a215 ص | ||
| 490 | _a | ||
| 999 |
_c37820 _d37820 |
||